LEADER 01037nam--2200349---450- 001 990000705190203316 005 20060130132522.0 035 $a0070519 035 $aUSA010070519 035 $a(ALEPH)000070519USA01 035 $a0070519 100 $a20011023d1922----km-y0itay0103----ba 101 $aita 102 $aIT 105 $a||||||||001yy 200 1 $aGiustizia ed altre poesie politiche e sociali$eLeone-Le epistole 205 $a7.ed. 210 $aMilano [etc.]$cRemo Sandron$d1922 215 $a160 p.$d17 cm 676 $a851.8 700 1$aRAPISARDI,$bMario$0161794 912 $a990000705190203316 951 $aVI.3.A. 1788(V A 1285)$b36517 L.M.$cV A$d00076352 959 $aBK 969 $aUMA 979 $aPAOLA$b40$c20011023$lUSA01$h1850 979 $aPAOLA$b40$c20011023$lUSA01$h2257 979 $c20020403$lUSA01$h1719 979 $aPATRY$b90$c20040406$lUSA01$h1648 979 $aCOPAT1$b90$c20060130$lUSA01$h1325 996 $aGiustizia ed altre poesie politiche e sociali$9961651 997 $aUNISA LEADER 01554nam 2200445 450 001 9910705610903321 005 20170602093224.0 035 $a(CKB)5470000002452292 035 $a(OCoLC)988750014 035 $a(EXLCZ)995470000002452292 100 $a20170602d2016 ua 0 101 0 $aeng 135 $aur||||||||||| 181 $ctxt$2rdacontent 182 $cc$2rdamedia 183 $acr$2rdacarrier 200 14$aThe Asia pivot $eimplications for U.S. Special Operations Forces /$fRussell D. Howard and John P. Duvall, Jr 210 1$aMacDill Air Force Base, Florida :$cJSOU University Press,$d2016. 215 $a1 online resource (xi, 109 pages) $cillustrations, map 225 1 $aJSOU report ;$v16-7 320 $aIncludes bibliographical references (pages 85-109). 517 $aAsia pivot 606 $aSpecial forces (Military science)$zUnited States 606 $aSecurity, International$zPacific Area 606 $aSecurity, International$zAsia 607 $aUnited States$xMilitary policy 607 $aPacific Area$xStrategic aspects 607 $aAsia$xStrategic aspects 615 0$aSpecial forces (Military science) 615 0$aSecurity, International 615 0$aSecurity, International 700 $aHoward$b Russell D$g(Russell D'Vere),$f1946-$01393255 702 $aDuvall$b John P.$cJr., 712 02$aJoint Special Operations University (U.S.), 801 0$bGPO 801 1$bGPO 906 $aBOOK 912 $a9910705610903321 996 $aThe Asia pivot$93450808 997 $aUNINA